000 00350nam a2200145Ia 4500
008 230917s9999||||xx |||||||||||||| ||und||
040 _e247063
_aMAIN
041 _aEnglish
082 _a346.03 R269T
100 _aRehman, Mujibur
245 0 _aTort of defamation: An analysis of law in india
260 _c2016
300 _a90 p.
942 _cTH
999 _c127895
_d127895